[Event "ISR Youth-Ch Finals 2021 U18"]
[Site "Ramat Hasharon"]
[Date "2021.03.23"]
[Round "5.7"]
[White "Stolyarsky, Yegor"]
[Black "Iliaguev, Daniel"]
[Result "0-1"]
[WhiteElo "2063"]
[BlackElo "2103"]
[Annotator "NA"]
[PlyCount "186"]
[EventDate "2021.03.19"]
[EventType "swiss"]
[EventCountry "ISR"]
[SourceTitle "playchess.com"]
[Source "ChessBase"]
[SourceQuality "1"]
[TimeControl "5400+30"]

1. Nf3 {[%emt 0:00:40]} c5 {[%emt 0:07:41]} 2. c4 {[%emt 0:00:22]} g6 {[%emt 0:00:07]} 3. d4 {[%emt 0:00:47]} cxd4 {[%emt 0:01:17]} 4. Nxd4 {[%emt 0:00:11]} Bg7 {[%emt 0:00:10]} 5. Nc3 {[%emt 0:01:05]} Nf6 {[%emt 0:03:34]} 6. e4 {[%emt 0:01:11]} d6 {[%emt 0:01:02]} 7. g3 {[%emt 0:01:50]} O-O {[%emt 0:00:59]} 8. Bg2 {[%emt 0:00:32]} Nc6 {[%emt 0:04:46]} 9. Nxc6 {[%emt 0:03:27]} bxc6 {[%emt 0:00:09]} 10. e5 {[%emt 0:00:28]} Ng4 {[%emt 0:04:51]} 11. exd6 {[%emt 0:00:33]} exd6 {[%emt 0:00:20]} 12. O-O {[%emt 0:00:33]} Ne5 {[%emt 0:00:04]} 13. Qa4 {[%emt 0:11:16]} Be6 {[%emt 0:25:08]} 14. Rd1 {[%emt 0:06:29]} Bg4 {[%emt 0:03:52]} ({Of course not} 14... Bxc4 $6 15. Bxc6 Rb8 16. Bg2 $15) 15. Bf4 {[%emt 0:02:38]} Bxd1 {[%emt 0:09:36]} 16. Rxd1 {[%emt 0:00:24]} Qb6 {[%emt 0:02:38]} 17. Bxe5 {[%emt 0:08:31]} Bxe5 {[%emt 0:00:43]} 18. Bxc6 {[%emt 0:00:21]} Rab8 {[%emt 0:09:57]} 19. Bb5 {[%emt 0:01:57]} a6 {[%emt 0:03:22]} 20. Qxa6 {[%emt 0:00:07]} Qxa6 {[%emt 0:00:01]} 21. Bxa6 {[%emt 0:00:09]} Rxb2 {[%emt 0:00:29]} 22. Ne4 {[%emt 0:03:56]} Ra8 {[%emt 0:00:34]} 23. Bb5 {[%emt 0:00:50]} Raxa2 {[%emt 0:00:20]} 24. Bc6 {[%emt 0:01:33]} f5 {[%emt 0:01:22]} 25. Ng5 {[%emt 0:07:27]} Rxf2 {[%emt 0:04:20]} 26. Nf3 {[%emt 0:00:12]} Rg2+ {[%emt 0:01:31]} 27. Kh1 {[%emt 0:00:06]} Rgc2 {[%emt 0:00:55]} 28. c5 {[%emt 0:03:54]} Ra1 {[%emt 0:09:31]} 29. Rxa1 {[%emt 0:00:47]} Bxa1 {[%emt 0:00:02]} 30. Bd5+ {[%emt 0:00:21]} Kg7 {[%emt 0:00:10]} 31. cxd6 {[%emt 0:01:32]} Rc1+ {[%emt 0:00:15]} 32. Kg2 {[%emt 0:00:05]} Rd1 {[%emt 0:01:13]} 33. Bb7 $19 {[%emt 0:00:25]} Rxd6 {[%emt 0:00:35]} 34. h4 {[%emt 0:00:24]} Rb6 {[%emt 0:00:53]} 35. Bd5 {[%emt 0:00:17]} Bf6 {[%emt 0:00:29]} 36. Bc4 {[%emt 0:01:23]} Rb4 {[%emt 0:00:23]} 37. Be6 {[%emt 0:00:17]} Rb6 {[%emt 0:00:53]} 38. Bd7 {[%emt 0:00:10]} Rb2+ {[%emt 0:01:09]} 39. Kf1 {[%emt 0:00:53]} Be7 {[%emt 0:01:10]} 40. Ng1 {[%emt 0:01:05]} Bd6 {[%emt 0:01:40]} 41. Ne2 {[%emt 0:00:21]} Kf6 {[%emt 0:00:37]} 42. Bc6 {[%emt 0:01:23]} Be5 {[%emt 0:00:32]} 43. Bd5 {[%emt 0:00:44]} h6 {[%emt 0:00:49]} 44. Bc4 {[%emt 0:00:45]} Rc2 {[%emt 0:01:04]} 45. Bb5 {[%emt 0:00:13]} Rb2 {[%emt 0:00:23]} 46. Bc4 {[%emt 0:00:16]} Rb4 {[%emt 0:00:09]} 47. Bd5 {[%emt 0:01:29]} f4 {[%emt 0:01:08]} 48. g4 {[%emt 0:07:55]} g5 {[%emt 0:00:09]} 49. h5 {[%emt 0:00:22]} Bd4 {[%emt 0:00:21]} 50. Kg2 {[%emt 0:00:58]} Ke5 {[%emt 0:00:52]} 51. Bc6 {[%emt 0:00:10]} Rb2 {[%emt 0:00:36]} 52. Kf1 {[%emt 0:00:39]} Be3 {[%emt 0:00:31]} 53. Bf3 {[%emt 0:02:01]} Bd2 {[%emt 0:00:23]} 54. Bc6 {[%emt 0:00:59]} Kd6 {[%emt 0:00:35]} 55. Ba8 {[%emt 0:00:33]} Kc5 {[%emt 0:00:25]} 56. Be4 {[%emt 0:01:09]} Kc4 {[%emt 0:00:38]} 57. Kg2 {[%emt 0:00:30]} Be3 {[%emt 0:00:10]} 58. Kf3 {[%emt 0:00:51]} Rd2 {[%emt 0:00:34]} 59. Bb7 {[%emt 0:01:13]} Rd1 {[%emt 0:00:46]} 60. Ba6+ {[%emt 0:02:49]} Kb4 {[%emt 0:00:29]} 61. Ke4 {[%emt 0:01:04]} Rd2 {[%emt 0:00:32]} 62. Kf3 {[%emt 0:00:43]} Kb3 {[%emt 0:00:33]} 63. Bb5 {[%emt 0:00:55]} Kb4 {[%emt 0:00:02]} 64. Ba6 {[%emt 0:00:29]} Ra2 {[%emt 0:00:50]} 65. Bd3 {[%emt 0:01:05]} Kc5 {[%emt 0:00:34]} 66. Be4 {[%emt 0:03:02]} Kd6 {[%emt 0:00:33]} 67. Bd3 {[%emt 0:01:40]} Ke5 {[%emt 0:00:21]} 68. Bb5 {[%emt 0:00:27]} Ra1 {[%emt 0:00:32]} 69. Kg2 {[%emt 0:00:26]} Ke4 {[%emt 0:00:39]} 70. Nc3+ {[%emt 0:00:20]} Ke5 {[%emt 0:00:26]} 71. Ne2 {[%emt 0:00:17]} Bc5 {[%emt 0:00:20]} 72. Bc6 {[%emt 0:01:13]} Ra3 {[%emt 0:00:18]} 73. Bb7 {[%emt 0:01:31]} Rb3 {[%emt 0:00:41]} 74. Bc6 {[%emt 0:00:18]} Re3 {[%emt 0:00:08]} 75. Bf3 {[%emt 0:00:17]} Bb6 {[%emt 0:01:01]} 76. Kf2 {[%emt 0:01:12]} Ba7 {[%emt 0:00:32]} 77. Kg2 {[%emt 0:00:25]} Kd6 {[%emt 0:00:19]} 78. Kf2 {[%emt 0:06:17]} Kc5 {[%emt 0:00:35]} 79. Bb7 {[%emt 0:01:04]} Kb4 {[%emt 0:00:19]} 80. Bf3 {[%emt 0:00:30]} Kb3 {[%emt 0:00:39]} 81. Kg2 {[%emt 0:00:48]} Kc2 {[%emt 0:00:17]} 82. Ng1 {[%emt 0:00:40]} Re1 {[%emt 0:00:51]} 83. Nh3 {[%emt 0:00:31]} Kd2 {[%emt 0:00:32]} 84. Bd5 {[%emt 0:00:27]} Bc5 {[%emt 0:00:28]} 85. Bc6 {[%emt 0:00:22]} Bd4 {[%emt 0:00:13]} 86. Bd5 {[%emt 0:00:19]} Re2+ {[%emt 0:00:32]} 87. Kh1 {[%emt 0:00:24]} Re3 {[%emt 0:00:27]} 88. Kh2 {[%emt 0:01:15]} Rg3 {[%emt 0:00:33]} 89. Be6 {[%emt 0:00:10]} Re3 {[%emt 0:00:44]} 90. Bc4 {[%emt 0:00:57]} Re1 {[%emt 0:00:24]} 91. Kg2 {[%emt 0:01:12]} Bb6 {[%emt 0:00:37]} 92. Bd5 {[%emt 0:00:17]} Re3 {[%emt 0:00:31]} 93. Bc6 {[%emt 0:00:31]} Rg3+ {[%emt 0:00:14]} 0-1

[Event "ISR Youth-Ch Finals 2021 U18"]
[Site "Ramat Hasharon"]
[Date "2021.03.23"]
[Round "5.8"]
[White "Levitan, Ronit"]
[Black "Sheinkman, Lidan"]
[Result "1-0"]
[WhiteElo "2048"]
[BlackElo "1895"]
[Annotator "NA"]
[PlyCount "107"]
[EventDate "2021.03.19"]
[EventType "swiss"]
[EventCountry "ISR"]
[SourceTitle "playchess.com"]
[Source "ChessBase"]
[SourceQuality "1"]
[TimeControl "5400+30"]

1. e4 {[%emt 0:00:00]} c5 {[%emt 0:06:44]} 2. c3 {[%emt 0:00:19]} g6 {[%emt 0:01:40]} 3. d4 {[%emt 0:00:07]} cxd4 {[%emt 0:00:03]} 4. cxd4 {[%emt 0:00:06]} d5 {[%emt 0:00:07]} 5. e5 {[%emt 0:00:05]} Bg7 {[%emt 0:00:59]} 6. h3 {[%emt 0:00:28]} Nc6 {[%emt 0:03:43]} 7. Nc3 {[%emt 0:00:21]} Nh6 {[%emt 0:02:35]} 8. g4 {[%emt 0:00:08]} O-O {[%emt 0:02:10]} 9. f4 {[%emt 0:00:39]} f6 {[%emt 0:06:32]} 10. Bg2 {[%emt 0:00:23]} e6 {[%emt 0:09:56]} 11. Nf3 {[%emt 0:00:36]} Nf7 {[%emt 0:02:48]} 12. O-O {[%emt 0:00:32]} Bd7 {[%emt 0:10:37]} 13. Be3 {[%emt 0:02:28]} Rc8 {[%emt 0:05:34]} 14. Qd2 {[%emt 0:04:25]} a6 {[%emt 0:04:58]} 15. h4 {[%emt 0:14:24]} f5 {[%emt 0:18:47]} 16. g5 {[%emt 0:00:35]} h5 {[%emt 0:01:33]} 17. gxh6 {[%emt 0:00:53]} Bxh6 {[%emt 0:01:56]} 18. Kf2 {[%emt 0:08:44]} b5 $16 {[%emt 0:01:58]} 19. b3 {[%emt 0:02:13]} Qa5 {[%emt 0:02:10]} 20. Rac1 {[%emt 0:04:14]} Ne7 {[%emt 0:01:42]} 21. Ne1 {[%emt 0:10:10]} b4 {[%emt 0:03:20]} 22. Ne2 {[%emt 0:01:29]} Bb5 {[%emt 0:00:02]} 23. Nd3 {[%emt 0:04:39]} Bxd3 {[%emt 0:03:35]} 24. Qxd3 {[%emt 0:00:17]} Qb5 {[%emt 0:00:57]} 25. Qxb5 {[%emt 0:00:57]} axb5 {[%emt 0:00:15]} 26. Bd2 {[%emt 0:00:42]} Nc6 {[%emt 0:00:54]} 27. Rh1 {[%emt 0:05:56]} Ncxe5 {[%emt 0:04:59]} 28. dxe5 {[%emt 0:00:40]} Nxe5 {[%emt 0:00:03]} 29. fxe5 {[%emt 0:01:39]} Bxd2 {[%emt 0:00:07]} 30. Rxc8 {[%emt 0:00:48]} Rxc8 {[%emt 0:00:01]} 31. Nd4 {[%emt 0:01:35]} Kf7 {[%emt 0:02:29]} 32. h5 {[%emt 0:06:21]} gxh5 {[%emt 0:01:20]} 33. Rxh5 {[%emt 0:00:02]} Bc3 {[%emt 0:00:17]} 34. Ke3 {[%emt 0:02:48]} Bxd4+ {[%emt 0:01:34]} 35. Kxd4 {[%emt 0:00:06]} Rc2 {[%emt 0:00:01]} 36. Bf1 {[%emt 0:00:48]} Rxa2 {[%emt 0:00:04]} 37. Bxb5 {[%emt 0:00:32]} Rb2 {[%emt 0:00:18]} 38. Ba4 {[%emt 0:03:40]} Rc2 {[%emt 0:00:22]} 39. Rh7+ {[%emt 0:00:18]} Kf8 {[%emt 0:00:28]} 40. Rb7 {[%emt 0:01:13]} Re2 {[%emt 0:00:33]} 41. Rxb4 {[%emt 0:01:36]} Re4+ {[%emt 0:01:11]} 42. Kc5 {[%emt 0:00:09]} Rxe5 {[%emt 0:00:02]} 43. Kd6 {[%emt 0:00:06]} Re3 {[%emt 0:01:34]} 44. Rd4 {[%emt 0:04:48]} Kf7 {[%emt 0:00:30]} 45. b4 {[%emt 0:00:22]} Ra3 {[%emt 0:01:02]} 46. b5 {[%emt 0:01:43]} e5 {[%emt 0:00:00]} 47. Kxe5 {[%emt 0:00:15]} Ke7 {[%emt 0:00:00]} 48. Kxd5 {[%emt 0:00:17]} Kd7 {[%emt 0:00:02]} 49. Kc5+ {[%emt 0:00:19]} Kc8 {[%emt 0:00:08]} 50. Kb6 {[%emt 0:01:16]} Re3 {[%emt 0:00:49]} 51. Ka6 {[%emt 0:01:45]} Re5 {[%emt 0:01:28]} 52. b6 {[%emt 0:00:30]} Re7 {[%emt 0:00:29]} 53. Rh4 {[%emt 0:01:25]} Re4 {[%emt 0:00:33]} 54. Rh8+ {[%emt 0:00:10]} 1-0

[Event "ISR Youth-Ch Finals 2021 U18"]
[Site "Ramat Hasharon"]
[Date "2021.03.23"]
[Round "5.9"]
[White "Friedland, Eldar"]
[Black "Kochavi, Ori"]
[Result "0-1"]
[WhiteElo "2034"]
[BlackElo "2273"]
[Annotator "ChessBase"]
[PlyCount "74"]
[EventDate "2021.03.19"]
[EventType "swiss"]
[EventCountry "ISR"]
[SourceTitle "playchess.com"]
[Source "ChessBase"]
[SourceQuality "1"]
[TimeControl "5400+30"]

1. d4 {[%emt 0:12:32]} Nf6 {[%emt 0:10:21]} 2. c4 {[%emt 0:00:00]} e6 {[%emt 0:00:00]} 3. Nc3 {[%emt 0:00:00]} Bb4 {[%emt 0:00:00]} 4. e3 {[%emt 0:00:00]} O-O {[%emt 0:00:00]} 5. Nge2 {[%emt 0:00:00]} Re8 {[%emt 0:00:00]} 6. a3 {[%emt 0:00:00]} Bf8 {[%emt 0:00:00]} 7. Ng3 {[%emt 0:00:00]} d5 {[%emt 0:00:00]} 8. cxd5 {[%emt 0:00:00]} exd5 {[%emt 0:00:00]} 9. Be2 {[%emt 0:00:00]} b6 {[%emt 0:00:00]} 10. b4 {[%emt 0:00:00]} c6 {[%emt 0:00:00]} 11. O-O {[%emt 0:00:00]} Ba6 {[%emt 0:00:00]} 12. Bxa6 {[%emt 0:01:05]} Nxa6 {[%emt 0:00:00]} 13. Qd3 {[%emt 0:05:43]} Nc7 {[%emt 0:00:00]} 14. Bb2 {[%emt 0:01:53]} h5 {[%emt 0:00:00]} 15. Rac1 {[%emt 0:07:23]} g6 {[%emt 0:00:00]} 16. Nb1 {[%emt 0:04:32]} h4 {[%emt 0:29:47]} 17. Ne2 {[%emt 0:00:14]} h3 {[%emt 0:00:13]} 18. g3 {[%emt 0:04:38]} Qd7 {[%emt 0:00:49]} 19. Nd2 {[%emt 0:01:04]} Bh6 {[%emt 0:04:28]} 20. Nf3 {[%emt 0:09:40]} Qg4 {[%emt 0:03:16]} 21. Ne1 {[%emt 0:11:55]} Re6 {[%emt 0:08:08]} 22. Nf4 {[%emt 0:06:07]} Bxf4 {[%emt 0:00:12]} 23. exf4 {[%emt 0:34:44]} Rae8 {[%emt 0:02:25]} 24. Nf3 {[%emt 0:00:00]} Nh5 {[%emt 0:01:37]} 25. Ne5 {[%emt 0:00:00]} Nxf4 {[%emt 0:00:23]} 26. Qe3 {[%emt 0:00:00]} Ne2+ {[%emt 0:00:14]} 27. Kh1 {[%emt 0:00:00]} Rxe5 {[%emt 0:01:26]} 28. dxe5 {[%emt 0:00:00]} Nxc1 {[%emt 0:00:04]} 29. Rxc1 {[%emt 0:00:00]} Rd8 {[%emt 0:14:39]} 30. f3 {[%emt 0:00:00]} d4 {[%emt 0:00:21]} 31. Rd1 {[%emt 0:00:00]} Qf5 {[%emt 0:01:16]} 32. Qe4 {[%emt 0:00:00]} Qxe4 {[%emt 0:00:17]} 33. fxe4 {[%emt 0:00:00]} c5 {[%emt 0:00:02]} 34. bxc5 {[%emt 0:00:00]} bxc5 {[%emt 0:00:03]} 35. Kg1 {[%emt 0:00:00]} Re8 {[%emt 0:27:29]} 36. Rc1 {[%emt 0:00:00]} Ne6 {[%emt 0:00:30]} 37. Kf1 {[%emt 0:00:00]} Rb8 {[%emt 0:00:30]} 0-1

[Event "ISR Youth-Ch Finals 2021 U18"]
[Site "Ramat Hasharon"]
[Date "2021.03.23"]
[Round "5.10"]
[White "Sobel, Ido"]
[Black "Mondri, Nadav"]
[Result "1-0"]
[WhiteElo "1885"]
[BlackElo "1803"]
[Annotator "NA"]
[PlyCount "61"]
[EventDate "2021.03.19"]
[EventType "swiss"]
[EventCountry "ISR"]
[SourceTitle "playchess.com"]
[Source "ChessBase"]
[SourceQuality "1"]
[TimeControl "5400+30"]

1. e4 {[%emt 0:00:00]} e5 {[%emt 0:00:00]} 2. Bc4 {[%emt 0:00:00]} Bc5 {[%emt 0:00:25]} 3. d3 {[%emt 0:00:05]} Nf6 {[%emt 0:02:01]} 4. Nc3 {[%emt 0:00:12]} O-O {[%emt 0:00:35]} 5. f4 {[%emt 0:03:22]} Nc6 {[%emt 0:05:42]} 6. Nf3 {[%emt 0:01:55]} d6 {[%emt 0:05:35]} 7. Na4 {[%emt 0:03:51]} Bb6 {[%emt 0:00:46]} 8. Nxb6 {[%emt 0:00:09]} axb6 {[%emt 0:00:07]} 9. a3 {[%emt 0:01:14]} Re8 {[%emt 0:14:19]} (9... d5 $11 10. exd5 (10. fxe5 dxc4 11. exf6 Qxf6 $15) 10... Nxd5) 10. O-O {[%emt 0:02:23]} Be6 {[%emt 0:04:33]} 11. Bxe6 {[%emt 0:02:59]} Rxe6 {[%emt 0:00:24]} 12. f5 {[%emt 0:00:38]} Re8 {[%emt 0:00:10]} 13. Bg5 {[%emt 0:01:37]} d5 $16 {[%emt 0:01:51] [#]} (13... Nb8 $11) 14. exd5 $1 {[%emt 0:03:27]} Qxd5 {[%emt 0:00:22]} 15. Bxf6 {[%emt 0:00:03]} gxf6 {[%emt 0:00:16]} 16. Nd2 {[%emt 0:04:31]} Kf8 {[%emt 0:04:25]} 17. Ne4 {[%emt 0:01:56]} Ke7 {[%emt 0:00:48]} 18. Qe1 {[%emt 0:05:22]} Nb8 {[%emt 0:00:25]} 19. Qb4+ {[%emt 0:01:30]} c5 {[%emt 0:00:54]} 20. Qxb6 {[%emt 0:00:03]} Nd7 {[%emt 0:00:18]} 21. Qb5 {[%emt 0:01:10]} Rg8 {[%emt 0:01:42]} 22. Rf3 {[%emt 0:13:32]} Rg7 {[%emt 0:01:18]} 23. Re1 {[%emt 0:02:10]} Rag8 {[%emt 0:03:18]} 24. Re2 {[%emt 0:00:04]} Qd4+ {[%emt 0:01:16]} 25. Kh1 {[%emt 0:03:18]} b6 {[%emt 0:01:54]} 26. h3 {[%emt 0:03:06]} Qd5 {[%emt 0:04:48]} 27. c3 {[%emt 0:04:34]} Qa2 {[%emt 0:03:57]} 28. Qc6 {[%emt 0:04:14]} Qb1+ {[%emt 0:00:21]} 29. Kh2 {[%emt 0:00:02]} Qd1 {[%emt 0:00:33]} 30. Qd6+ {[%emt 0:00:02]} Ke8 {[%emt 0:00:27]} 31. Nxf6+ {[%emt 0:38:01]} 1-0

[Event "ISR Youth-Ch Finals 2021 U18"]
[Site "Ramat Hasharon"]
[Date "2021.03.23"]
[Round "5.11"]
[White "Gov, Guy"]
[Black "Sobel, Alon"]
[Result "1-0"]
[WhiteElo "2095"]
[BlackElo "1825"]
[Annotator "ChessBase"]
[PlyCount "73"]
[EventDate "2021.03.19"]
[EventType "swiss"]
[EventCountry "ISR"]
[SourceTitle "playchess.com"]
[Source "ChessBase"]
[SourceQuality "1"]
[TimeControl "5400+30"]

1. f4 {[%emt 0:03:07]} d5 {[%emt 0:00:00]} 2. Nf3 {[%emt 0:00:00]} Nf6 {[%emt 0:01:45]} 3. e3 {[%emt 0:00:00]} c5 {[%emt 0:02:25]} 4. b3 {[%emt 0:00:49]} Nc6 {[%emt 0:02:37]} 5. Bb5 {[%emt 0:01:24]} Bd7 {[%emt 0:01:42]} 6. Bb2 {[%emt 0:00:20]} a6 {[%emt 0:01:50]} 7. Bxc6 {[%emt 0:00:34]} Bxc6 {[%emt 0:00:47]} 8. Ne5 {[%emt 0:00:21]} g6 {[%emt 0:05:16]} 9. Nxc6 {[%emt 0:02:03]} bxc6 {[%emt 0:00:18]} 10. d3 {[%emt 0:00:47]} Bg7 {[%emt 0:00:42]} 11. Nd2 {[%emt 0:05:34]} O-O {[%emt 0:02:13]} 12. O-O {[%emt 0:02:52]} Re8 {[%emt 0:02:42]} 13. Nf3 {[%emt 0:20:23]} Nd7 {[%emt 0:08:44]} 14. Bxg7 {[%emt 0:01:34]} Kxg7 {[%emt 0:00:22]} 15. Qe1 {[%emt 0:04:47]} e5 {[%emt 0:06:11]} 16. fxe5 {[%emt 0:10:57]} Nxe5 {[%emt 0:00:18]} 17. Qc3 {[%emt 0:03:38]} Qf6 {[%emt 0:06:56]} 18. d4 {[%emt 0:08:09]} cxd4 {[%emt 0:01:01]} 19. exd4 {[%emt 0:03:41]} Nxf3+ {[%emt 0:00:14]} 20. Rxf3 {[%emt 0:00:02]} Qe6 {[%emt 0:00:14]} 21. Raf1 {[%emt 0:00:17]} Re7 {[%emt 0:00:41]} 22. Rf6 {[%emt 0:01:11]} Qe4 {[%emt 0:00:27]} 23. Rxc6 {[%emt 0:00:34]} Rae8 {[%emt 0:54:05]} 24. Rxa6 {[%emt 0:28:56]} f5 {[%emt 0:00:30]} 25. Rc6 {[%emt 0:00:00]} Kh6 {[%emt 0:00:00]} 26. Qd2+ {[%emt 0:00:00]} Kg7 {[%emt 0:00:00]} 27. h3 {[%emt 0:00:00]} h6 {[%emt 0:00:00]} 28. Rf4 {[%emt 0:00:00]} Qe1+ {[%emt 0:00:00]} 29. Qxe1 {[%emt 0:00:00]} Rxe1+ {[%emt 0:00:00]} 30. Rf1 {[%emt 0:00:00]} R1e2 {[%emt 0:00:00]} 31. Rf2 {[%emt 0:00:00]} Re1+ {[%emt 0:00:00]} 32. Kh2 {[%emt 0:00:00]} Rd1 {[%emt 0:00:00]} 33. c3 {[%emt 0:00:00]} Ree1 {[%emt 0:00:00]} 34. a4 {[%emt 0:00:00]} Rh1+ {[%emt 0:00:00]} 35. Kg3 {[%emt 0:00:00]} h5 {[%emt 0:00:00]} 36. Kf4 {[%emt 0:00:00]} Kh6 {[%emt 0:00:00]} 37. Ke5 {[%emt 0:00:00]} 1-0

[Event "ISR Youth-Ch Finals 2021 U18"]
[Site "Ramat Hasharon"]
[Date "2021.03.24"]
[Round "6.1"]
[White "Ehrlich, Roy"]
[Black "Ben Ari, Yannay"]
[Result "0-1"]
[WhiteElo "2004"]
[BlackElo "2403"]
[Annotator "TA"]
[PlyCount "76"]
[EventDate "2021.03.19"]
[EventType "swiss"]
[EventCountry "ISR"]
[SourceTitle "playchess.com"]
[Source "ChessBase"]
[SourceQuality "1"]

{[%evp 10,76,8,3,8,-5,5,5,7,0,29,20,43,-16,-8,-8,0,2,8,0,-14,-11,-11,-16,-11,-101,-109,-157,-37,-47,-21,-281,-287,-302,-146,-297,-290,-289,-171,-170,-183,-172,-155,-155,-166,-285,-271,-319,-301,-268,-265,-470,-447,-662,-660,-655,-641,-657,-644,-1253,-510,-975,-783,-1354,-1158,-29976,-29974,-6095,-4826]} 1. e4 c5 2. Nf3 d6 3. c3 Nf6 4. h3 Nc6 5. Bd3 e5 6. Bc2 d5 {is the new trend. B50: Sicilian: 2...d6, Miscellaneous.} 7. exd5 {7.d3 is not played anymore.} Qxd5 8. Qe2 Be7 {The position is equal.} 9. Bb3 Qd6 10. Na3 $1 {[#]} Qc7 $146 ({Predecessor:} 10... e4 11. Ng5 Ne5 12. Nxe4 Nd3+ 13. Kf1 Nxe4 14. Qxe4 g6 15. Nc4 Qd8 16. Ne3 Be6 {1-0 (32) Sadovsky,A (2401)-Kostromin,M (2309) Voronezh 2016}) 11. Nc4 (11. d3 $14) 11... e4 $36 {[%mdl 2048] Black has some pressure.} 12. Ng5 Bf5 {Threatens to win with ...h6.} 13. Nxf7 Rf8 {[%cal Rf8f7]} ({But not} 13... Kxf7 $6 14. Nd6+ Kf8 15. Nxf5 $16) 14. Ne3 Bd7 15. Ng5 {[%cal Rg5h7]} Qe5 16. h4 h6 17. Nh3 (17. Nc4 $11 {remains equal.} Qf5 18. Ne3) 17... O-O-O $17 18. Bc2 {[#]} g5 (18... Nd4 $1 $17 {[%mdl 512]} 19. cxd4 cxd4) 19. hxg5 $15 hxg5 20. b3 $2 {[%mdl 8192]} (20. d3 $1 $11) 20... g4 $19 21. Ng1 {[#]} g3 (21... Nb4 $1 $19 {[%mdl 512] ...Nfd5 is the strong threat.} 22. Bb1 (22. Bb2 Nd3+) 22... Be6 $1) 22. f3 $2 {[#] This costs White the game.} (22. f4 $17 Qxf4 23. Ba3) 22... Nb4 $1 {[%mdl 512]} 23. Ba3 {[#]} (23. f4 Nxc2+) 23... exf3 (23... Bb5 $142 $1 {[%mdl 512]} 24. f4 (24. Qxb5 $2 Nxc2+ 25. Nxc2 exf3+ 26. Ne2 a6 $19) 24... Qxf4) 24. Nxf3 Nxc2+ 25. Nxc2 Qxe2+ 26. Kxe2 Bf5 27. Kd1 (27. Ne3 $142 Bd3+ 28. Kd1) 27... Ne4 {aiming for ...Nf2+.} 28. Kc1 Nf2 29. Rg1 Nd3+ 30. Kb1 $2 (30. Kd1 {is the only way for White.}) 30... Be4 31. Bc1 (31. b4 $142 cxb4 32. Bxb4 Nxb4 {[%mdl 64] Discovered Attack} 33. cxb4) 31... Bxf3 32. gxf3 Rxf3 33. Ne3 Bg5 34. Nf1 Bf4 (34... g2 $142 35. Ne3 Bxe3 36. Rxg2 {[#]} Rf1 $1) 35. Kc2 (35. Nxg3 $142 Bxg3 36. a4) 35... g2 36. Ne3 Bxe3 37. dxe3 Rf2+ 38. Bd2 Ne5 {Weighted Error Value: White=0.90/Black=0.31} 0-1

[Event "ISR Youth-Ch Finals 2021 U18"]
[Site "Ramat Hasharon"]
[Date "2021.03.24"]
[Round "6.2"]
[White "Kadria, Shay"]
[Black "Tzidkiya, Yeshaayahu"]
[Result "0-1"]
[WhiteElo "2086"]
[BlackElo "2380"]
[Annotator "TA"]
[PlyCount "64"]
[EventDate "2021.03.19"]
[EventType "swiss"]
[EventCountry "ISR"]
[SourceTitle "playchess.com"]
[Source "ChessBase"]
[SourceQuality "1"]

{[%evp 12,64,47,-28,7,-25,-35,-43,-41,-37,38,10,21,-89,-96,-81,-70,-166,-150,-144,-134,-228,-252,-260,-268,-340,-352,-345,-340,-435,-422,-393,-390,-471,-455,-492,-495,-868,-853,-1552,-1495,-2362,-2334,-2770,-1780,-29988,-29989,-29993,-29994,-29995,-29996,-29997,-29998,-29998,-29999]} 1. d4 Nf6 2. Nf3 g6 3. g3 Bg7 4. Bg2 O-O 5. O-O d5 6. c4 dxc4 7. Nc3 (7. Na3 $14) 7... c5 {D77: Fianchetto Grünfeld: 6 0-0: Replies other than 6...c6.} 8. d5 b5 {[#]} 9. Ne5 $146 ({Predecessor:} 9. Nxb5 Bb7 10. d6 exd6 11. Qxd6 Qb6 12. Qxb6 axb6 13. Nd2 Bxg2 14. Kxg2 Nd5 15. Nxc4 {½-½ (71) Grimault,N (2016)-Duquesne,A (2209) Agen 2018}) 9... a6 {Black is slightly better.} 10. Be3 Qc7 (10... Qb6 $15) 11. d6 $1 $14 {[%cal Rd6c7]} exd6 {[#] Threatens to win with ...Ra7.} 12. Nxg6 hxg6 $17 {Black keeps a firm grip on the game.} 13. Bxa8 Bh3 {aiming for ...Nc6.} 14. Bg2 (14. Bh1 $15) 14... Bxg2 $19 15. Kxg2 Qc6+ 16. Kg1 {[#]} (16. f3 $17 {was the only chance.}) 16... d5 $1 17. Bg5 {With the idea Bxf6.} d4 18. Bxf6 Bxf6 19. Nb1 d3 20. Qd2 Nd7 21. f3 Re8 22. e4 Bd4+ 23. Kg2 {White hopes to continue with Nc3.} b4 24. a3 (24. Nc3 $142 bxc3 25. bxc3) 24... f5 25. Qc1 fxe4 26. Qxc4+ Kg7 {( -> ...exf3+)} 27. Nd2 Ne5 28. Qc1 exf3+ {Black mates.} 29. Nxf3 Nxf3 30. Qf4 Re2+ 31. Kh3 Rxh2+ 32. Kg4 Qe6+ {Weighted Error Value: White=1.23/Black=0.20} 0-1

[Event "ISR Youth-Ch Finals 2021 U18"]
[Site "Ramat Hasharon"]
[Date "2021.03.24"]
[Round "6.3"]
[White "Globus, Or"]
[Black "Gorshtein, Asaf"]
[Result "1-0"]
[WhiteElo "2401"]
[BlackElo "2122"]
[Annotator "TA"]
[PlyCount "37"]
[EventDate "2021.03.19"]
[EventType "swiss"]
[EventCountry "ISR"]
[SourceTitle "playchess.com"]
[Source "ChessBase"]
[SourceQuality "1"]

{[%evp 10,37,12,1,8,-1,42,8,12,20,5,0,0,0,0,0,0,0,115,125,114,105,589,582,587,576,587,581,569,535]} 1. c4 e5 2. g3 d6 3. Bg2 f5 4. d4 Nf6 5. Nc3 Be7 6. e3 c6 {A21: English Opening: 1...e5 2 Nc3.} 7. Nge2 Be6 8. d5 Bf7 {[#] The position is equal.} 9. e4 $146 ({Predecessor:} 9. b3 O-O 10. Bb2 c5 11. e4 fxe4 12. Nxe4 Nxe4 13. Bxe4 Nd7 14. Nc3 Nf6 15. Bf5 {1-0 (47) Spraggett,K (2633)-Carretero Ortiz,F (2223) Coria del Rio 2007}) 9... cxd5 10. cxd5 ({But not} 10. exf5 d4 $17) 10... fxe4 11. Nxe4 Nxd5 12. Ng5 Bxg5 13. Bxd5 Qa5+ (13... Bxd5 $11 14. Qxd5 Nc6) 14. Nc3 $16 Bxd5 15. Bxg5 Bxh1 {[%mdl 8192] Black cannot hold the game after this.} (15... Bf7 $16) 16. Qxd6 $18 {[%csl Gg5][%cal Rd6e7] [#]White is clearly winning.} Nc6 {aiming for ...Qb4.} 17. O-O-O Rd8 18. Qe6+ Kf8 {Strongly threatening ...Rxd1+.} 19. Rxd8+ {[%mdl 64] Back Rank.  Weighted Error Value: White=0.04/Black=0.58} ({Inferior is} 19. Rxh1 Re8 $11) 1-0